01003cam a2200277 i 4500003000900000005001700009007000300026008004100029020001800070040003000088082002100118100003500139245008400174264004500258300002600303336002700329337003400356338002800390490005800418500008300476500003800559504003000597600003600627650003100663700003100694DO-SdBNP20231010152959.0ta751003s2017 sp 000 f spa d a9788416776955 aDO-SdBNPbspacBNPHUerda 4a821.134bU54222 aUnamuno, Miguel de,d1864-193610aA la juventud hispana /cMiguel de Unamuno ; estudio y edición Giulia Giorgi  1a[Cordoba], España :bAlmuzara, c2017. a125 páginasc22 cm. 2rdacontentatextobtxt 2rdamediaasin mediación bn 2rdacarrieravolumenbnc1 aBibliófilos de la amistad : textos raros y curiosos aIncluye datos biográficos del autor y el editor en la solapa de la portada.  aIncluye notas a pie de páginas. aBibliografía p: 123-12517aUnamuno, Miguel ded 1864-1936  4aCristianismo y filosofía1 aGiorgi, Giuliaeedición